Estadísticas para Prueba de Gabón

Haz click aquí para tomar la prueba!

Estadísticas generales

  • Esta prueba ha sido tomada 677 veces
  • La puntuación promedio es 12 de 16

Estadísticas de respuestas

PistaRespuesta% Correcto
La línea de latitud que divide el país por la mitadEcuador
96%
Gabón toca este golfoGolfo de {Guinea}
94%
Idioma oficialFrancés
93%
País del que Gabón obtuvo su independencia en 1960Francia
93%
Países limítrofesRepública del Congo
93%
Países limítrofesGuinea Ecuatorial
90%
Países limítrofesCamerún
88%
País insular que se encuentra a 225 km al oeste de GabónSanto Tomé y Príncipe
85%
El 85% de la tierra de Gabón está cubierta de ______,
el más alto de cualquier país, excepto Surinam
Bosque
71%
Capital de GabónLibreville
70%
El 25% de la población mundial de este primate se encuentra en GabónGorila
67%
Casi la mitad de las exportaciones de Gabón se envían a este paísChina
59%
Principal exportación de GabónPetróleo
58%
La Batalla de Gabón fue el único conflicto
importante en África Central en esta guerra
Segunda Guerra
Mundial
53%
Presidente de Gabón entre 1967 y 2009
(Pista: comparte su apellido con un tambor afrocubano)
Omar {Bongo}
33%
La segunda ciudad más pobladaPort-{Gentil}
23%

Distribución de puntuación

Porcentaje por número respondido

Porcentaje de gente con cada puntuación

Historial de tus puntuaciones

No has tomado esta prueba